<?xml version="1.0" encoding="UTF-8"?>
<record
    xmlns:xsi="http://www.w3.org/2001/XMLSchema-instance"
    xsi:schemaLocation="http://www.loc.gov/MARC21/slim http://www.loc.gov/standards/marcxml/schema/MARC21slim.xsd"
    xmlns="http://www.loc.gov/MARC21/slim">

  <leader>00968    a2200229   4500</leader>
  <controlfield tag="001">43058</controlfield>
  <controlfield tag="005">20260407155715.0</controlfield>
  <controlfield tag="008">260407a1951    arg                 spa d</controlfield>
  <controlfield tag="003">AR-UNSa-BCEJYS</controlfield>
  <datafield tag="040" ind1=" " ind2=" ">
    <subfield code="a">AR-UNSa-BCEJYS</subfield>
    <subfield code="b">spa</subfield>
    <subfield code="c">AR-UNSa-BCEJYS</subfield>
  </datafield>
  <datafield tag="080" ind1=" " ind2=" ">
    <subfield code="a">330.1</subfield>
    <subfield code="x">Ciencia econ&#xF3;mica. Conceptos fundamentales de teor&#xED;a econ&#xF3;mica. Valor. Capital. Fondos</subfield>
  </datafield>
  <datafield tag="245" ind1="1" ind2="0">
    <subfield code="a">Ensayo sobre la naturaleza y significaci&#xF3;n de la ciencia econ&#xF3;mica</subfield>
  </datafield>
  <datafield tag="250" ind1=" " ind2=" ">
    <subfield code="a">2a. ed.</subfield>
  </datafield>
  <datafield tag="264" ind1=" " ind2="1">
    <subfield code="a">M&#xE9;xico :</subfield>
    <subfield code="b">Fondo de Cultura Econ&#xF3;mica</subfield>
    <subfield code="c">1951</subfield>
  </datafield>
  <datafield tag="300" ind1=" " ind2=" ">
    <subfield code="a">214 p.</subfield>
    <subfield code="c">21 cm.</subfield>
  </datafield>
  <datafield tag="505" ind1=" " ind2=" ">
    <subfield code="a">1. Contenido de la econom&#xED;a - 2. Fines y medios - 3. Relatividad de las "magnitudes econ&#xF3;micas" - 4. Naturaleza de las generalizaciones econ&#xF3;micas - 5. Las generalizaciones econ&#xF3;micas y la realidad - 6. Significaci&#xF3;n de la ciencia econ&#xF3;mica</subfield>
  </datafield>
  <datafield tag="041" ind1=" " ind2=" ">
    <subfield code="a">spa</subfield>
  </datafield>
  <datafield tag="942" ind1=" " ind2=" ">
    <subfield code="c">BK</subfield>
  </datafield>
  <datafield tag="590" ind1=" " ind2=" ">
    <subfield code="a">niveau_biblio:m niveau_hierar:0</subfield>
  </datafield>
  <datafield tag="100" ind1="1" ind2=" ">
    <subfield code="a">Robbins, Lionel</subfield>
  </datafield>
  <datafield tag="700" ind1="1" ind2=" ">
    <subfield code="a">Cos&#xED;o Villegas, Daniel</subfield>
  </datafield>
  <datafield tag="999" ind1=" " ind2=" ">
    <subfield code="c">3652</subfield>
    <subfield code="d">3652</subfield>
  </datafield>
  <datafield tag="952" ind1=" " ind2=" ">
    <subfield code="0">0</subfield>
    <subfield code="1">0</subfield>
    <subfield code="4">0</subfield>
    <subfield code="7">0</subfield>
    <subfield code="a">BCEJYS</subfield>
    <subfield code="b">BCEJYS</subfield>
    <subfield code="c">16</subfield>
    <subfield code="d">2026-04-07</subfield>
    <subfield code="l">0</subfield>
    <subfield code="o">330.1 R631 2ed.</subfield>
    <subfield code="p">L39022</subfield>
    <subfield code="r">2026-04-07 15:57:15</subfield>
    <subfield code="w">2026-04-07</subfield>
    <subfield code="y">L</subfield>
  </datafield>
  <datafield tag="952" ind1=" " ind2=" ">
    <subfield code="0">0</subfield>
    <subfield code="1">0</subfield>
    <subfield code="4">0</subfield>
    <subfield code="7">0</subfield>
    <subfield code="a">BCEJYS</subfield>
    <subfield code="b">BCEJYS</subfield>
    <subfield code="c">16</subfield>
    <subfield code="d">2026-04-07</subfield>
    <subfield code="l">0</subfield>
    <subfield code="o">330.1 R631 2ed.</subfield>
    <subfield code="p">L39021</subfield>
    <subfield code="r">2026-04-07 15:57:15</subfield>
    <subfield code="w">2026-04-07</subfield>
    <subfield code="y">L</subfield>
  </datafield>
  <datafield tag="952" ind1=" " ind2=" ">
    <subfield code="0">0</subfield>
    <subfield code="1">0</subfield>
    <subfield code="4">0</subfield>
    <subfield code="7">0</subfield>
    <subfield code="a">BCEJYS</subfield>
    <subfield code="b">BCEJYS</subfield>
    <subfield code="c">16</subfield>
    <subfield code="d">2026-04-07</subfield>
    <subfield code="l">0</subfield>
    <subfield code="o">330.1 R631 2ed.</subfield>
    <subfield code="p">L39020</subfield>
    <subfield code="r">2026-04-07 15:57:15</subfield>
    <subfield code="w">2026-04-07</subfield>
    <subfield code="y">L</subfield>
  </datafield>
  <datafield tag="952" ind1=" " ind2=" ">
    <subfield code="0">0</subfield>
    <subfield code="1">0</subfield>
    <subfield code="4">0</subfield>
    <subfield code="7">0</subfield>
    <subfield code="a">BCEJYS</subfield>
    <subfield code="b">BCEJYS</subfield>
    <subfield code="c">16</subfield>
    <subfield code="d">2026-04-07</subfield>
    <subfield code="l">0</subfield>
    <subfield code="o">330.1 R631 2ed.</subfield>
    <subfield code="p">L39019</subfield>
    <subfield code="r">2026-04-07 15:57:15</subfield>
    <subfield code="w">2026-04-07</subfield>
    <subfield code="y">L</subfield>
  </datafield>
  <datafield tag="952" ind1=" " ind2=" ">
    <subfield code="0">0</subfield>
    <subfield code="1">0</subfield>
    <subfield code="4">0</subfield>
    <subfield code="7">0</subfield>
    <subfield code="a">BCEJYS</subfield>
    <subfield code="b">BCEJYS</subfield>
    <subfield code="c">16</subfield>
    <subfield code="d">2026-04-07</subfield>
    <subfield code="l">0</subfield>
    <subfield code="o">330.1 R631 2ed.</subfield>
    <subfield code="p">L33665</subfield>
    <subfield code="r">2026-04-07 15:57:15</subfield>
    <subfield code="w">2026-04-07</subfield>
    <subfield code="y">L</subfield>
  </datafield>
  <datafield tag="952" ind1=" " ind2=" ">
    <subfield code="0">0</subfield>
    <subfield code="1">0</subfield>
    <subfield code="4">0</subfield>
    <subfield code="7">0</subfield>
    <subfield code="a">BCEJYS</subfield>
    <subfield code="b">BCEJYS</subfield>
    <subfield code="c">16</subfield>
    <subfield code="d">2026-04-07</subfield>
    <subfield code="l">0</subfield>
    <subfield code="o">330.1 R631 2ed.</subfield>
    <subfield code="p">L33664</subfield>
    <subfield code="r">2026-04-07 15:57:15</subfield>
    <subfield code="w">2026-04-07</subfield>
    <subfield code="y">L</subfield>
  </datafield>
  <datafield tag="952" ind1=" " ind2=" ">
    <subfield code="0">0</subfield>
    <subfield code="1">0</subfield>
    <subfield code="4">0</subfield>
    <subfield code="7">0</subfield>
    <subfield code="a">BCEJYS</subfield>
    <subfield code="b">BCEJYS</subfield>
    <subfield code="c">16</subfield>
    <subfield code="d">2026-04-07</subfield>
    <subfield code="l">0</subfield>
    <subfield code="o">330.1 R631 2ed.</subfield>
    <subfield code="p">L39018</subfield>
    <subfield code="r">2026-04-07 15:57:15</subfield>
    <subfield code="w">2026-04-07</subfield>
    <subfield code="y">L</subfield>
  </datafield>
</record>
